[Event "FRA-chT Top 16 GpA"]
[Site "Chartres"]
[Date "2022.06.10"]
[Round "2.2"]
[White "Bacrot, Etienne"]
[Black "Koch, Jean Rene"]
[Result "1-0"]
[WhiteElo "2641"]
[BlackElo "2441"]
[PlyCount "101"]
[EventDate "2022.06.09"]
[EventType "team-tourn"]
[EventRounds "7"]
[EventCountry "FRA"]
[SourceTitle "CBM 208 Extra"]
[Source "ChessBase"]
[SourceDate "2022.07.31"]
[SourceVersion "1"]
[SourceVersionDate "2022.07.31"]
[SourceQuality "1"]
[WhiteTeam "Bischwiller"]
[BlackTeam "Metz Fischer"]
[WhiteTeamCountry "FRA"]
[BlackTeamCountry "FRA"]

1. e4 e5 2. Nf3 Nf6 3. Nxe5 d6 4. Nf3 Nxe4 5. d4 d5 6. Bd3 Nc6 7. 0-0 Bg4 8. c4 Nf6 9. Nc3 Bxf3 10. Qxf3 Nxd4 11. Qh3 dxc4 12. Bxc4 Be7 13. Bg5 0-0 14. Rfe1 Qd6 15. Rxe7 Qxe7 16. Nd5 Qe5 17. Bxf6 gxf6 18. Qh6 Nf3+ 19. gxf3 Qg5+ 20. Qxg5+ fxg5 21. Re1 c6 22. Ne7+ Kg7 23. Nf5+ Kf6 24. Nd6 b6 25. Ne4+ Kg6 26. Ng3 Rfe8 27. Bd3+ Kg7 28. Be4 Rad8 29. Nf5+ Kf6 30. Ne3 Rd2 31. Bxc6 Rc8 32. Bd5 Rc5 33. Bb3 h5 34. Rb1 Kg6 35. Nf1 Rd3 36. Kg2 g4 37. Ne3 f5 38. f4 Rd4 39. Kg3 h4+ 40. Kxh4 Rxf4 41. Kg3 Rd4 42. Rd1 Rxd1 43. Bxd1 Kg5 44. h4+ gxh3 45. f4+ Kf6 46. Kxh3 Rc1 47. a4 a6 48. Kg3 b5 49. axb5 axb5 50. Bc2 Re1 51. Kf3 1-0

[Event "FRA-chT Top 12"]
[Site "Brest"]
[Date "2019.05.28"]
[Round "11.6"]
[White "Koch, Jean Rene"]
[Black "Milliet, Sophie"]
[Result "1/2-1/2"]
[WhiteElo "2465"]
[BlackElo "2400"]
[PlyCount "56"]
[EventDate "2019.05.18"]
[EventType "team-tourn"]
[EventRounds "11"]
[EventCountry "FRA"]
[SourceTitle "CBM 190 Extra"]
[Source "ChessBase"]
[SourceDate "2019.07.15"]
[SourceVersion "1"]
[SourceVersionDate "2019.07.15"]
[SourceQuality "1"]
[WhiteTeam "Metz Fischer"]
[BlackTeam "Grasse Echecs"]
[WhiteTeamCountry "FRA"]
[BlackTeamCountry "FRA"]

1. c4 Nf6 2. Nc3 g6 3. e4 d6 4. g3 Bg7 5. Bg2 0-0 6. Nge2 c5 7. d3 Nc6 8. 0-0 Rb8 9. h3 a6 10. a4 Ne8 11. Be3 b5 12. cxb5 axb5 13. Nxb5 Nc7 14. d4 Nxb5 15. axb5 Rxb5 16. dxc5 dxc5 17. Nc3 Rxb2 18. Na4 Rb4 19. Bxc5 Rc4 20. Qxd8 Rxd8 21. Ra3 Be6 22. Rb1 Bd4 23. Bxd4 Nxd4 24. Nb6 Rb8 25. Ra8 Rxa8 26. Nxa8 Rc8 27. Nb6 Rb8 28. Rb2 g5 1/2-1/2

[Event "FRA-chT Top 12"]
[Site "Brest"]
[Date "2019.05.22"]
[Round "5.6"]
[White "Edouard, Romain"]
[Black "Koch, Jean Rene"]
[Result "1-0"]
[WhiteElo "2642"]
[BlackElo "2465"]
[PlyCount "123"]
[EventDate "2019.05.18"]
[EventType "team-tourn"]
[EventRounds "11"]
[EventCountry "FRA"]
[SourceTitle "CBM 190 Extra"]
[Source "ChessBase"]
[SourceDate "2019.07.15"]
[SourceVersion "1"]
[SourceVersionDate "2019.07.15"]
[SourceQuality "1"]
[WhiteTeam "Bischwiller"]
[BlackTeam "Metz Fischer"]
[WhiteTeamCountry "FRA"]
[BlackTeamCountry "FRA"]

1. d4 d5 2. c4 e6 3. Nc3 Be7 4. Bf4 Nf6 5. e3 0-0 6. a3 b6 7. cxd5 Nxd5 8. Nxd5 exd5 9. Bd3 c5 10. Ne2 Nc6 11. Rc1 Bb7 12. dxc5 bxc5 13. 0-0 c4 14. Bb1 Bf6 15. Nc3 Ne7 16. Qc2 g6 17. Rfd1 Qa5 18. Qe2 Rfd8 19. Rd2 Rac8 20. Qg4 h5 21. Qg3 d4 22. exd4 Rxd4 23. Rxd4 Bxd4 24. Rd1 Bf6 25. Bd2 Qe5 26. Qxe5 Bxe5 27. Be3 Bxc3 28. bxc3 Nd5 29. Bd4 Re8 30. f3 a5 31. Be4 f5 32. Bxd5+ Bxd5 33. Rb1 Bc6 34. Rb6 Re6 35. h4 Kf7 36. Kf2 Be8 37. Rb8 a4 38. Kg3 Re7 39. Rc8 Re6 40. Rxc4 Bc6 41. Kf4 Be8 42. Rb4 Bc6 43. Be5 Be8 44. c4 Bc6 45. c5 Ke7 46. Rb6 Bd5 47. Rb4 Bc6 48. Rb8 Bd5 49. Rc8 Rc6 50. Bd6+ Kf6 51. Rf8+ Bf7 52. Ke3 Kg7 53. Ra8 Bb3 54. Kd4 Kf6 55. Ra7 Rc8 56. Be7+ Kf7 57. Ke5 Bc2 58. Kd6 f4 59. c6 Re8 60. Bg5+ Kg8 61. Re7 Rd8+ 62. Rd7 1-0

[Event "FRA-chT Top 12"]
[Site "Brest"]
[Date "2019.05.20"]
[Round "3.6"]
[White "Lagarde, Maxime"]
[Black "Koch, Jean Rene"]
[Result "1-0"]
[WhiteElo "2600"]
[BlackElo "2465"]
[PlyCount "117"]
[EventDate "2019.05.18"]
[EventType "team-tourn"]
[EventRounds "11"]
[EventCountry "FRA"]
[SourceTitle "CBM 190 Extra"]
[Source "ChessBase"]
[SourceDate "2019.07.15"]
[SourceVersion "1"]
[SourceVersionDate "2019.07.15"]
[SourceQuality "1"]
[WhiteTeam "Nice Alekhine"]
[BlackTeam "Metz Fischer"]
[WhiteTeamCountry "FRA"]
[BlackTeamCountry "FRA"]

1. c4 e5 2. Nc3 Nc6 3. Nf3 Nf6 4. e3 Bb4 5. Qc2 Bxc3 6. Qxc3 Qe7 7. a3 d5 8. cxd5 Nxd5 9. Qb3 Nb6 10. d3 0-0 11. Be2 a5 12. Bd2 a4 13. Qc2 Be6 14. Rc1 f6 15. 0-0 Rfc8 16. h3 Bb3 17. Qb1 Rd8 18. e4 Nc8 19. Be3 Nd4 20. Bxd4 exd4 21. Nd2 Bf7 22. Qc2 c6 23. f4 Nb6 24. Bg4 Ra5 25. Rce1 Rc5 26. Qb1 Rb5 27. Rf2 Nd7 28. e5 fxe5 29. Nf3 Qd6 30. Bxd7 Qxd7 31. Nxe5 Qf5 32. Qd1 Bb3 33. Qf3 Rc5 34. Qg3 Rc2 35. Ng4 Kf8 36. Re5 Qd7 37. f5 Rxf2 38. Qxf2 h5 39. Nh2 Re8 40. Nf3 Rxe5 41. Nxe5 Qd6 42. Ng6+ Kf7 43. Qh4 Bd1 44. Kf2 Ke8 45. Qe4+ Kd8 46. Nf4 Kc8 47. Ne6 c5 48. Nxg7 Kb8 49. Ne8 Qb6 50. f6 Qxb2+ 51. Kg3 Bb3 52. Qe5+ Ka8 53. Nc7+ Ka7 54. Qxc5+ b6 55. Qc6 h4+ 56. Kh2 Kb8 57. Nb5 Qc2 58. Qxc2 Bxc2 59. f7 1-0

[Event "FRA-chT Top 12"]
[Site "Brest"]
[Date "2019.05.19"]
[Round "2.7"]
[White "Smith, Axel"]
[Black "Koch, Jean Rene"]
[Result "1/2-1/2"]
[WhiteElo "2481"]
[BlackElo "2465"]
[PlyCount "42"]
[EventDate "2019.05.18"]
[EventType "team-tourn"]
[EventRounds "11"]
[EventCountry "FRA"]
[SourceTitle "CBM 190 Extra"]
[Source "ChessBase"]
[SourceDate "2019.07.15"]
[SourceVersion "1"]
[SourceVersionDate "2019.07.15"]
[SourceQuality "1"]
[WhiteTeam "Mulhouse"]
[BlackTeam "Metz Fischer"]
[WhiteTeamCountry "FRA"]
[BlackTeamCountry "FRA"]

1. d4 d5 2. c4 e6 3. Nf3 dxc4 4. e4 b5 5. a4 c6 6. axb5 cxb5 7. b3 Nf6 8. bxc4 Nxe4 9. cxb5 Bb7 10. Nbd2 Bb4 11. Bd3 Nxd2 12. Bxd2 Bxd2+ 13. Qxd2 Nd7 14. Qe3 0-0 15. 0-0 Qb6 16. Ra4 a6 17. bxa6 Bxa6 18. Rfa1 Bb7 19. Rxa8 Rxa8 20. Rxa8+ Bxa8 21. Be4 Bxe4 1/2-1/2

[Event "FRA-chT Top 12"]
[Site "Brest"]
[Date "2018.06.02"]
[Round "8"]
[White "Koch, Jean Rene"]
[Black "Wirig, Anthony"]
[Result "1/2-1/2"]
[WhiteElo "2454"]
[BlackElo "2504"]
[PlyCount "44"]
[EventDate "2018.05.26"]
[EventType "team-tourn"]
[EventRounds "11"]
[EventCountry "FRA"]
[SourceTitle "EXT 2019"]
[Source "ChessBase"]
[SourceDate "2018.10.10"]
[SourceVersion "1"]
[SourceVersionDate "2018.10.10"]
[SourceQuality "1"]
[WhiteTeam "Metz Fischer"]
[BlackTeam "Grasse Echecs"]
[WhiteTeamCountry "FRA"]
[BlackTeamCountry "FRA"]

1. c4 e5 2. g3 Nf6 3. Bg2 c6 4. Nc3 d5 5. d4 e4 6. cxd5 cxd5 7. Bg5 Bb4 8. Rc1 Nbd7 9. Nh3 h6 10. Bxf6 Bxc3+ 11. Rxc3 Nxf6 12. e3 0-0 13. Nf4 Bg4 14. Qd2 g5 15. Ne2 Bf3 16. 0-0 Qd7 17. h3 Rac8 18. Rfc1 Rxc3 19. Rxc3 Rc8 20. Rxc8+ Qxc8 21. Qc3 Qd7 22. Qc2 Bxe2 1/2-1/2

[Event "FRA-chT Top 12"]
[Site "Brest"]
[Date "2018.06.01"]
[Round "7"]
[White "Savina, Anastasia"]
[Black "Koch, Jean Rene"]
[Result "0-1"]
[WhiteElo "2349"]
[BlackElo "2454"]
[PlyCount "122"]
[EventDate "2018.05.26"]
[EventType "team-tourn"]
[EventRounds "11"]
[EventCountry "FRA"]
[SourceTitle "EXT 2019"]
[Source "ChessBase"]
[SourceDate "2018.10.10"]
[SourceVersion "1"]
[SourceVersionDate "2018.10.10"]
[SourceQuality "1"]
[WhiteTeam "Vandoeuvre"]
[BlackTeam "Metz Fischer"]
[WhiteTeamCountry "FRA"]
[BlackTeamCountry "FRA"]

1. d4 d5 2. c4 e6 3. Nc3 Bb4 4. a3 Bxc3+ 5. bxc3 Ne7 6. e3 0-0 7. a4 b6 8. cxd5 exd5 9. Ba3 Re8 10. Bd3 Ng6 11. Ne2 Qg5 12. 0-0 Bg4 13. Qc2 Nd7 14. f3 Bh3 15. Rf2 Nh4 16. Nf4 Bf5 17. Bxf5 Nxf5 18. Nxd5 Nxe3 19. Nxe3 Qxe3 20. Bc1 Qe6 21. c4 c6 22. Bb2 Nf6 23. Kf1 Qd6 24. g3 h5 25. Rd1 h4 26. g4 h3 27. Qd3 Rad8 28. Ba3 Qd7 29. Bc1 c5 30. d5 Qxa4 31. Bg5 Rd6 32. Re2 Rxe2 33. Qxe2 Nh7 34. Bf4 Rd8 35. Re1 Nf8 36. Kf2 b5 37. Qe7 Rd7 38. Qxc5 Qxc4 39. Qxc4 bxc4 40. d6 Ne6 41. Bg3 Kf8 42. Rc1 Ke8 43. Rxc4 Rb7 44. f4 Kd7 45. f5 Nd8 46. Be5 f6 47. Bf4 Nc6 48. Rc3 Rb4 49. Kg3 a5 50. Bc1 a4 51. Kxh3 Rb3 52. Rxb3 axb3 53. Kh4 Kxd6 54. Ba3+ Kd5 55. Kh5 Ne5 56. h4 Ke4 57. g5 Kxf5 58. gxf6 Kxf6 59. Bb2 Kf5 60. Ba1 Nd7 61. Bxg7 Nf6+ 0-1

[Event "FRA-chT Top 12"]
[Site "Brest"]
[Date "2018.05.27"]
[Round "2"]
[White "Rodshtein, Maxim"]
[Black "Koch, Jean Rene"]
[Result "1/2-1/2"]
[WhiteElo "2678"]
[BlackElo "2454"]
[PlyCount "172"]
[EventDate "2018.05.26"]
[EventType "team-tourn"]
[EventRounds "11"]
[EventCountry "FRA"]
[SourceTitle "EXT 2019"]
[Source "ChessBase"]
[SourceDate "2018.10.10"]
[SourceVersion "1"]
[SourceVersionDate "2018.10.10"]
[SourceQuality "1"]
[WhiteTeam "Bischwiller"]
[BlackTeam "Metz Fischer"]
[WhiteTeamCountry "FRA"]
[BlackTeamCountry "FRA"]

1. d4 d5 2. c4 e6 3. Nc3 Bb4 4. a3 Bxc3+ 5. bxc3 Ne7 6. cxd5 exd5 7. e3 0-0 8. c4 c5 9. dxc5 Na6 10. Nf3 Nxc5 11. Bd2 b6 12. Bb4 Ba6 13. Bxc5 bxc5 14. Qa4 Qb6 15. Bd3 dxc4 16. Bxc4 Bxc4 17. Qxc4 Qa5+ 18. Ke2 Rac8 19. Rhd1 Rc7 20. Rd6 Rc6 21. Rd7 Rc7 22. Rd6 Rc6 23. Rd3 Nc8 24. Rb1 Nb6 25. Qb5 Qxb5 26. Rxb5 Rc7 27. Rc3 Rfc8 28. Nd2 c4 29. Ra5 Kf8 30. g4 f6 31. Ne4 Rd8 32. Rc2 Rd5 33. Rxd5 Nxd5 34. Kd2 Ke7 35. Nc3 Rd7 36. Nxd5+ Rxd5+ 37. Kc3 Rd3+ 38. Kb4 Rb3+ 39. Ka4 Kd6 40. Rxc4 Rb2 41. Rf4 Ra2 42. h4 h6 43. h5 Kc6 44. Kb3 Re2 45. Rc4+ Kb6 46. Rc2 Re1 47. Rd2 Kc6 48. Kb4 Rg1 49. Rd4 Rf1 50. Rf4 Kb6 51. a4 Rg1 52. Re4 a5+ 53. Kc4 Kc6 54. Re6+ Kd7 55. Ra6 Rxg4+ 56. f4 g5 57. hxg6 Rxg6 58. Rxa5 Rg1 59. Kd5 Rd1+ 60. Ke4 Ke6 61. Ra6+ Kf7 62. Ra7+ Kg6 63. f5+ Kh5 64. Rf7 Rd6 65. Kf4 Ra6 66. e4 Kh4 67. Rg7 h5 68. Rg1 Kh3 69. Rh1+ Kg2 70. Rxh5 Rxa4 71. Rh6 Ra6 72. Rh8 Ra3 73. Rf8 Rf3+ 74. Kg4 Rg3+ 75. Kh5 Kf3 76. Re8 Kf4 77. Kh6 Rg1 78. Re7 Rg2 79. Rg7 Ra2 80. Kg6 Kxe4 81. Kxf6 Kf4 82. Rf7 Ra1 83. Rf8 Ra2 84. Rf7 Ra1 85. Kg6 Rg1+ 86. Kh7 Ke5 1/2-1/2

[Event "FRA-chT Top 12"]
[Site "Brest"]
[Date "2018.05.26"]
[Round "1"]
[White "Koch, Jean Rene"]
[Black "Riff, Jean Noel"]
[Result "1/2-1/2"]
[WhiteElo "2454"]
[BlackElo "2507"]
[PlyCount "123"]
[EventDate "2018.05.26"]
[EventType "team-tourn"]
[EventRounds "11"]
[EventCountry "FRA"]
[SourceTitle "EXT 2019"]
[Source "ChessBase"]
[SourceDate "2018.10.10"]
[SourceVersion "1"]
[SourceVersionDate "2018.10.10"]
[SourceQuality "1"]
[WhiteTeam "Metz Fischer"]
[BlackTeam "Mulhouse Philidor"]
[WhiteTeamCountry "FRA"]
[BlackTeamCountry "FRA"]

1. c4 e5 2. Nc3 Nf6 3. Nf3 Nc6 4. e3 Bb4 5. Nd5 a5 6. a3 Bd6 7. d4 exd4 8. Nxd4 Nxd5 9. cxd5 Nxd4 10. Qxd4 0-0 11. Bd2 Re8 12. Bc3 Be5 13. Qd2 c5 14. Bb5 b6 15. 0-0 Qc7 16. Bxe5 Qxe5 17. e4 Qd6 18. Rfe1 Ba6 19. Bxa6 Rxa6 20. e5 Qc7 21. a4 Raa8 22. f4 d6 23. e6 fxe6 24. dxe6 d5 25. Qxd5 Qxf4 26. Rad1 Ra7 27. Re4 Qf6 28. Rf1 Qd8 29. Qh5 g6 30. Qe2 Rae7 31. Rd1 Qc7 32. Qc4 Qc6 33. Rde1 Rd8 34. h4 Qd5 35. Qc3 Rde8 36. Qf6 Qf5 37. Qc3 Qd5 38. Qe3 Rf8 39. Kh1 Rf5 40. Qg3 Rf8 41. Kh2 Rfe8 42. Qe3 Rf8 43. Re5 Qc4 44. Re4 Qd5 45. Kh1 Rf6 46. Qe2 Qb3 47. Qd2 Rf8 48. Qd6 Rfe8 49. R1e2 b5 50. axb5 Qxb5 51. Qd5 Rf8 52. Qd6 Qb8 53. Qxb8 Rxb8 54. Re5 Rb6 55. Kh2 h5 56. g4 hxg4 57. Kg3 Kg7 58. Kxg4 Kf6 59. Rxc5 Rb4+ 60. Kg3 Rxe6 61. Rxe6+ Kxe6 62. Rxa5 1/2-1/2

[Event "FRA-chT Top 12"]
[Site "Montpellier"]
[Date "2015.06.04"]
[Round "6.7"]
[White "Koch, Jean Rene"]
[Black "Riff, Jean Noel"]
[Result "0-1"]
[WhiteElo "2452"]
[BlackElo "2488"]
[PlyCount "132"]
[EventDate "2015.05.30"]
[EventType "team-tourn"]
[EventRounds "11"]
[EventCountry "FRA"]
[SourceTitle "CBM 166 Extra"]
[Source "ChessBase"]
[SourceDate "2015.06.18"]
[SourceVersion "1"]
[SourceVersionDate "2015.06.18"]
[SourceQuality "1"]
[WhiteTeam "Metz Fischer"]
[BlackTeam "Mulhouse Philidor"]
[WhiteTeamCountry "FRA"]
[BlackTeamCountry "FRA"]

1. c4 e5 2. g3 Nf6 3. Bg2 c6 4. Nc3 d5 5. d4 e4 6. cxd5 cxd5 7. Bg5 Bb4 8. Rc1 Nbd7 9. Qb3 Bxc3+ 10. Rxc3 0-0 11. Nh3 h6 12. Bxf6 Nxf6 13. 0-0 Bf5 14. f3 exf3 15. exf3 Qd7 16. Nf4 Rfe8 17. Rfc1 Re7 18. Bf1 a6 19. Rc5 Rd8 20. Nd3 Bxd3 21. Qxd3 Rde8 22. Kf2 g6 23. b3 h5 24. Qd2 h4 25. Qf4 hxg3+ 26. hxg3 Kg7 27. g4 Ne4+ 28. fxe4 Rxe4 29. Qf3 Qd6 30. Kg1 Rf4 31. Rxd5 Qb8 32. Qg2 Re3 33. Re5 Rxe5 34. dxe5 Qa7+ 35. Kh1 Qe3 36. Rc2 Rf3 37. e6 Qf4 38. Bc4 Rg3 39. exf7 Rxg2 40. Rxg2 b5 41. Bd5 Qe5 42. Bb7 Qe1+ 43. Kh2 a5 44. Bf3 Kxf7 45. Re2 Qc3 46. Kg3 Kf6 47. Kf4 Qd4+ 48. Be4 Qe5+ 49. Ke3 Qg3+ 50. Kd4 Qd6+ 51. Kc3 Kg5 52. Bd3 Qc5+ 53. Kd2 Kxg4 54. Rg2+ Kf3 55. Rxg6 Qe5 56. Rg8 Qh2+ 57. Kc3 b4+ 58. Kc4 Qc7+ 59. Kb5 Qd7+ 60. Kxa5 Qd5+ 61. Kxb4 Qxg8 62. a4 Ke3 63. Bc4 Qf8+ 64. Kb5 Kd4 65. a5 Qc5+ 66. Ka6 Qc7 0-1

[Event "FRA-chT Top 12"]
[Site "Montpellier"]
[Date "2015.06.03"]
[Round "5"]
[White "Milliet, Sophie"]
[Black "Koch, Jean Rene"]
[Result "1/2-1/2"]
[WhiteElo "2369"]
[BlackElo "2452"]
[PlyCount "39"]
[EventDate "2015.05.30"]
[EventType "team-tourn"]
[EventRounds "11"]
[EventCountry "FRA"]
[SourceTitle "CBM 166 Extra"]
[Source "ChessBase"]
[SourceDate "2015.06.18"]
[SourceVersion "1"]
[SourceVersionDate "2015.06.18"]
[SourceQuality "1"]
[WhiteTeam "Evry Grand Roque"]
[BlackTeam "Metz Fischer"]
[WhiteTeamCountry "FRA"]
[BlackTeamCountry "FRA"]

1. e4 e5 2. Nf3 Nf6 3. Nxe5 d6 4. Nf3 Nxe4 5. Nc3 Nxc3 6. dxc3 Nc6 7. Be3 Be7 8. Qd2 Be6 9. 0-0-0 Qd7 10. h4 h6 11. b3 a6 12. Kb1 0-0-0 13. Nd4 Bf6 14. Nxe6 Qxe6 15. g3 Qe5 16. Bd4 Nxd4 17. cxd4 Qe4 18. Bh3+ Kb8 19. Rhe1 Qc6 20. f4 1/2-1/2

[Event "FRA-chT Top 12"]
[Site "Belfort"]
[Date "2012.06.03"]
[Round "4.4"]
[White "Koch, Jean Rene"]
[Black "Kosten, Anthony C"]
[Result "0-1"]
[WhiteElo "2484"]
[BlackElo "2493"]
[PlyCount "42"]
[EventDate "2012.05.31"]
[EventType "team-tourn"]
[EventRounds "11"]
[EventCountry "FRA"]
[SourceTitle "CBM 148 Extra"]
[Source "ChessBase"]
[SourceDate "2012.06.22"]
[SourceVersion "1"]
[SourceVersionDate "2012.06.22"]
[SourceQuality "1"]
[WhiteTeam "Metz Fischer"]
[BlackTeam "Bischwiller"]
[WhiteTeamCountry "FRA"]
[BlackTeamCountry "FRA"]

1. e4 e5 2. f4 exf4 3. Bc4 Nc6 4. d4 Nf6 5. e5 d5 6. Bb5 Ne4 7. Bxf4 Qh4+ 8. g3 Nxg3 9. Bxg3 Qe4+ 10. Kf2 Qxh1 11. Nd2 h5 12. Ndf3 h4 13. Bf4 h3 14. Bf1 Be7 15. Qd2 Rh5 16. e6 Bxe6 17. Re1 g5 18. Bxh3 gxf4 19. Qxf4 0-0-0 20. Qxf7 Bxh3 21. Nxh3 Bh4+ 0-1

[Event "FRA-chT Top 12"]
[Site "Belfort"]
[Date "2012.06.02"]
[Round "3.4"]
[White "Bellaiche, Antony"]
[Black "Koch, Jean Rene"]
[Result "0-1"]
[WhiteElo "2496"]
[BlackElo "2484"]
[PlyCount "122"]
[EventDate "2012.05.31"]
[EventType "team-tourn"]
[EventRounds "11"]
[EventCountry "FRA"]
[SourceTitle "CBM 148 Extra"]
[Source "ChessBase"]
[SourceDate "2012.06.22"]
[SourceVersion "1"]
[SourceVersionDate "2012.06.22"]
[SourceQuality "1"]
[WhiteTeam "Deauville"]
[BlackTeam "Metz Fischer"]
[WhiteTeamCountry "FRA"]
[BlackTeamCountry "FRA"]

1. d4 d5 2. c4 e6 3. Nc3 c5 4. cxd5 exd5 5. Nf3 Nc6 6. g3 Nf6 7. Bg2 Be7 8. 0-0 0-0 9. Bg5 c4 10. Ne5 Be6 11. b3 h6 12. Bxf6 Bxf6 13. Nxc6 bxc6 14. bxc4 dxc4 15. e3 Qa5 16. Rc1 Rac8 17. Qa4 Qxa4 18. Nxa4 Be7 19. Rfd1 Rfd8 20. h3 Rc7 21. Rc2 Ba3 22. Kh2 Kf8 23. Nc3 Bb4 24. Na4 Ba3 25. Bf3 f5 26. Nc3 Bb4 27. Ne2 g5 28. g4 f4 29. Kg2 fxe3 30. fxe3 Bd6 31. Nc3 Rb8 32. Be4 Kg7 33. Bf5 Bf7 34. e4 Bb4 35. Ne2 Ba3 36. Nc3 Rb2 37. Rdd2 Rcb7 38. Nd1 Rb1 39. Ne3 Bc1 40. Re2 Bxe3 41. Rxe3 Rd1 42. Ra3 Rxd4 43. Ra6 Rc7 44. Ra5 c5 45. Ra6 c3 46. Rxc3 Rd2+ 47. Kf3 Rh2 48. Rc1 Rxa2 49. Rxa2 Bxa2 50. e5 c4 51. Ke3 c3 52. Kd4 Bb3 53. Rxc3 Rxc3 54. Kxc3 Bd1 55. Kd4 Kf7 56. Be4 Ke7 57. Bd5 a5 58. Kc5 Be2 59. Kb6 a4 60. Ka5 Bd1 61. Kb4 Bb3 0-1

[Event "FRA-chT Top 12"]
[Site "Mulhouse"]
[Date "2011.06.04"]
[Round "10.4"]
[White "Pelletier, Yannick"]
[Black "Koch, Jean Rene"]
[Result "1-0"]
[WhiteElo "2587"]
[BlackElo "2476"]
[PlyCount "51"]
[EventDate "2011.05.26"]
[EventType "team-tourn"]
[EventRounds "11"]
[EventCountry "FRA"]
[SourceTitle "CBM 142 Extra"]
[Source "ChessBase"]
[SourceDate "2011.06.27"]
[SourceVersion "1"]
[SourceVersionDate "2011.06.27"]
[SourceQuality "1"]
[WhiteTeam "Clichy Echecs 92"]
[BlackTeam "Metz Fischer"]
[WhiteTeamCountry "FRA"]
[BlackTeamCountry "FRA"]

1. Nf3 f5 2. d4 d6 3. c4 Nf6 4. Nc3 g6 5. g3 Bg7 6. Bg2 0-0 7. 0-0 Qe8 8. Re1 Qf7 9. e4 Nxe4 10. Nxe4 fxe4 11. Rxe4 Bf5 12. Ng5 Qf6 13. Rh4 h6 14. Bd5+ e6 15. Nxe6 Bxe6 16. Rf4 Qe7 17. Re4 Rf6 18. Bxb7 Qf7 19. Rxe6 Rxe6 20. Bxa8 c6 21. d5 Re8 22. dxc6 Qxc4 23. Be3 Na6 24. Bb7 Bxb2 25. Bxa6 Qxa6 26. Qb3+ 1-0

[Event "FRA-chT Top 12"]
[Site "Mulhouse"]
[Date "2011.05.28"]
[Round "3.5"]
[White "Philippe, Christophe"]
[Black "Koch, Jean Rene"]
[Result "0-1"]
[WhiteElo "2422"]
[BlackElo "2476"]
[PlyCount "48"]
[EventDate "2011.05.26"]
[EventType "team-tourn"]
[EventRounds "11"]
[EventCountry "FRA"]
[SourceTitle "CBM 142 Extra"]
[Source "ChessBase"]
[SourceDate "2011.06.27"]
[SourceVersion "1"]
[SourceVersionDate "2011.06.27"]
[SourceQuality "1"]
[WhiteTeam "Vandoeuvre"]
[BlackTeam "Metz Fischer"]
[WhiteTeamCountry "FRA"]
[BlackTeamCountry "FRA"]

1. e4 e5 2. Nf3 Nf6 3. Nxe5 d6 4. Nf3 Nxe4 5. Nc3 Nxc3 6. dxc3 Nc6 7. Be3 Be7 8. Qd2 Be6 9. 0-0-0 Bxa2 10. b3 a5 11. Kb2 a4 12. Kxa2 axb3+ 13. Kxb3 Ra5 14. Kb2 Qa8 15. Rb1 0-0 16. Be2 d5 17. Kc1 Ra1 18. Qe1 d4 19. Nxd4 Nxd4 20. Bxd4 Bg5+ 21. Be3 Bxe3+ 22. fxe3 Rd8 23. Bd3 Rxd3 24. cxd3 Qa3+ 0-1

[Event "FRA Cup final"]
[Site "Chalons en Champagne"]
[Date "2010.06.27"]
[Round "1"]
[White "Vachier Lagrave, Maxime"]
[Black "Koch, Jean Rene"]
[Result "1/2-1/2"]
[WhiteElo "2710"]
[BlackElo "2483"]
[PlyCount "122"]
[EventDate "2010.06.27"]
[EventType "team-match"]
[EventRounds "1"]
[EventCountry "FRA"]
[SourceTitle "CBM 137 Extra"]
[Source "ChessBase"]
[SourceDate "2010.09.01"]
[SourceVersion "1"]
[SourceVersionDate "2010.09.01"]
[SourceQuality "1"]

1. e4 e5 2. Nf3 Nf6 3. Nxe5 d6 4. Nf3 Nxe4 5. d4 d5 6. Bd3 Nc6 7. 0-0 Bg4 8. c4 Nf6 9. Be3 Be7 10. c5 0-0 11. Nbd2 a5 12. a3 Bh5 13. Re1 Re8 14. Qa4 Bxf3 15. Nxf3 Ne4 16. Bb5 Bf6 17. Bxc6 bxc6 18. Qxc6 Re6 19. Qa4 Qb8 20. Re2 c6 21. Rae1 h6 22. g3 Qe8 23. Kg2 Bd8 24. Ng1 Bc7 25. f3 Nf6 26. Bd2 Rxe2+ 27. Nxe2 Rb8 28. Nc3 Qd7 29. Qc2 Nh7 30. Nd1 Nf8 31. Ne3 Re8 32. Bc3 Re6 33. Qd2 Qd8 34. b4 axb4 35. axb4 Qa8 36. Qd3 Qa2+ 37. Re2 Qa3 38. Kf2 Bd8 39. Re1 Bg5 40. f4 Bf6 41. Ra1 Qb3 42. Qc2 Qxc2+ 43. Nxc2 Nd7 44. Ra8+ Kh7 45. f5 Re7 46. Rc8 Bg5 47. h4 Nf6 48. hxg5 Ne4+ 49. Kf1 Nxc3 50. Rxc6 hxg5 51. Ra6 Re2 52. Ne1 Rb2 53. Nd3 Rd2 54. c6 Rxd3 55. c7 Rd1+ 56. Kg2 Rd2+ 57. Kh3 Ne4 58. c8Q Nf2+ 59. Kg2 Ng4+ 60. Kh1 Rd1+ 61. Kg2 Rd2+ 1/2-1/2

[Event "FRA-chT Top 16 GpB"]
[Site "France"]
[Date "2010.05.01"]
[Round "6"]
[White "Smirin, Ilia"]
[Black "Koch, Jean Rene"]
[Result "1/2-1/2"]
[WhiteElo "2647"]
[BlackElo "2470"]
[PlyCount "45"]
[EventDate "2010.03.26"]
[EventType "team-tourn"]
[EventRounds "7"]
[EventCountry "FRA"]
[SourceTitle "CBM 135 Extra"]
[Source "ChessBase"]
[SourceDate "2010.05.04"]
[SourceVersion "1"]
[SourceVersionDate "2010.05.04"]
[SourceQuality "1"]

1. e4 e5 2. Nf3 Nf6 3. Nxe5 d6 4. Nf3 Nxe4 5. d4 d5 6. Bd3 Nc6 7. 0-0 Bg4 8. c4 Nf6 9. cxd5 Bxf3 10. Qxf3 Qxd5 11. Qxd5 Nxd5 12. Nc3 0-0-0 13. Bc4 Nce7 14. Re1 c6 15. Bd2 g6 16. Bg5 f6 17. Bh4 Nf5 18. Bxd5 Nxh4 19. Be6+ Kb8 20. Re4 g5 21. d5 f5 22. Re2 cxd5 23. Bxd5 1/2-1/2

[Event "FRA-chT Top 16 Gp Basse"]
[Site "Le Port Marly"]
[Date "2009.05.29"]
[Round "9"]
[White "Koch, Jean Rene"]
[Black "Vuilleumier, Alexandre"]
[Result "1-0"]
[WhiteElo "2453"]
[BlackElo "2312"]
[PlyCount "97"]
[EventDate "2009.05.28"]
[EventType "team-tourn"]
[EventRounds "11"]
[EventCountry "FRA"]
[SourceTitle "CBM 130 Extra"]
[Source "ChessBase"]
[SourceDate "2009.07.02"]
[SourceVersion "2"]
[SourceVersionDate "2009.07.15"]
[SourceQuality "1"]

1. c4 Nf6 2. Nf3 e6 3. b3 d5 4. e3 c5 5. Bb2 Nc6 6. d4 cxd4 7. exd4 Bb4+ 8. Nbd2 0-0 9. a3 Bxd2+ 10. Nxd2 dxc4 11. Nxc4 b5 12. Ne3 Nd5 13. Qd3 b4 14. Be2 Bb7 15. Nxd5 Qxd5 16. Bf3 Qd6 17. Qb5 Rab8 18. 0-0 Rfc8 19. Rfd1 Ba8 20. Qg5 f6 21. Qg4 Ne7 22. Bxa8 Rxa8 23. axb4 Nd5 24. b5 f5 25. Qe2 Nf4 26. Qf3 Nd5 27. Re1 Rc2 28. Ba3 Qd7 29. Bc5 Rc3 30. Qe2 Rxb3 31. Qxe6+ Qxe6 32. Rxe6 Rxb5 33. g3 a5 34. Re5 Nc3 35. Kg2 Rb1 36. Ra3 Nb5 37. Ra4 Nc3 38. Rc4 Ne4 39. Rxf5 h6 40. Re5 Nd2 41. Ra4 Nb3 42. Bb6 Rd1 43. Re3 Ra1 44. Rxa1 Nxa1 45. d5 Nc2 46. Re2 Nb4 47. d6 a4 48. d7 a3 49. Re8+ 1-0